Historia de la física: desde la antiguedad hasta los umbrales del siglo XX
Збережено в:
| Автор: | |
|---|---|
| Формат: | Книга |
| Мова: | Іспанська |
| Опубліковано: |
Madrid
Espasa-Calpe
1961
|
| Редагування: | 2a. ed |
| Серія: | Historia y Filosofía de la Ciencia
|
| Предмети: | |
| Теги: |
Додати тег
Немає тегів, Будьте першим, хто поставить тег для цього запису!
|
MARC
| LEADER | 00000nam a2200000 a 4500 | ||
|---|---|---|---|
| 001 | UCH1140 | ||
| 003 | CL-VaPUC | ||
| 008 | 090409e19610000SP |||||||||||||||||spa|d | ||
| 082 | 0 | 4 | |a 530.09 |b PAP |2 21 |
| 100 | |a Papp, Desiderio |e autor |9 535643 | ||
| 245 | 1 | 0 | |a Historia de la física: desde la antiguedad hasta los umbrales del siglo XX |
| 250 | |a 2a. ed | ||
| 300 | |a 440 p | ||
| 942 | |c BK | ||
| 945 | |d 20090409 00:00:00 |a rbrito | ||
| 260 | |a Madrid |b Espasa-Calpe |c 1961 | ||
| 600 | 0 | |a Galilei, Galileo |9 264973 | |
| 650 | 7 | |a HISTORIA DE LA FISICA |2 CL-VaPUC |9 316726 | |
| 650 | 7 | |a FISICOS |2 CL-VaPUC |9 263707 | |
| 650 | 0 | |a Física |9 227844 | |
| 583 | |a last modification |c 20090409 00:00:00 |k Rodrigo Vera | ||
| 490 | 0 | |a Historia y Filosofía de la Ciencia | |
| 999 | |c 333215 |d 333213 | ||
| 952 | |0 0 |1 0 |4 0 |6 530_090000000000000_PAP_1961 |7 0 |8 A |9 421431 |a BIBCUR |b BIBCUR |d 2019-11-22 |i 4532937 |l 5 |m 1 |o 530.09 PAP 1961 |p 4532937 |r 2025-04-25 |s 2025-04-10 |w 2019-11-22 |y BK |k FIS | ||